=LDR 00000nam 2200000 4500 =001 INLIS000000000034643 =005 20251223121518 =035 ##$$a 0010-061300000034643 =008 251223###########################0#ind## =041 ##$$a ind =082 ##$$a 028.5 =090 ##$$a 028.5, Bam,k =100 ##$$a Bambang =245 1#$$a Kamus Bergambar Tematik, /$c Bambang;Penyunting,Tim Al-Maktabah =260 ##$$a Bogor :$b Regina,$c 2009 =300 ##$$a iv,44 hlm : $b ilus ; $c 25 cm =650 #4$$a Bacaan Kanak-Kanak =700 #$$a Tim Al-Maktabah =850 ##$$a NBPNMAT =084 ##$$a 028.5 BAM k =990 ##$$a 65596559 =990 ##$$a 21010375